Increased prevalence and coincidence of antinuclear and antithyroid antibodies in the population exposed to high levels of polychlorinated pollutants cocktail
Výskum vplyvu znečisťujúcich prvkov na zdravie človeka. Výskum. Predmet. Metódy. Výsledky. Diskusia.
Guardado en:
| Autor principal: | |
|---|---|
| Otros Autores: | , , , , , , , , |
| Formato: | Capítulo de libro |
| Lenguaje: | inglés |
| Materias: | |
| Etiquetas: |
Sin Etiquetas, Sea el primero en etiquetar este registro!
|
MARC
| LEADER | 00000naa$a2200000$$$4500 | ||
|---|---|---|---|
| 001 | 0098371 | ||
| 005 | 20240502072103.6 | ||
| 041 | 0 | |a eng | |
| 044 | |a SK | ||
| 245 | 1 | 0 | |a Increased prevalence and coincidence of antinuclear and antithyroid antibodies in the population exposed to high levels of polychlorinated pollutants cocktail |c L. Cebecauer, Ž. Rádiková, J. Rovenský, J. Koška, R. Imrich, L. Kšinantová, Katarína Sušienková, M. Vigaš, I. Klimeš, P. Langer |
| 520 | |a Výskum vplyvu znečisťujúcich prvkov na zdravie človeka. Výskum. Predmet. Metódy. Výsledky. Diskusia. | ||
| 610 | 2 | 0 | |a zdravie |
| 610 | 2 | 0 | |a znečistenie prostredia životného |
| 610 | 2 | 0 | |a látky chemické |
| 610 | 2 | 0 | |a látky nebezpečné |
| 610 | 2 | 0 | |a výskum |
| 610 | 2 | 0 | |a metódy štatistické |
| 100 | 1 | |a Cebecauer, L. | |
| 700 | 1 | |a Rádiková, Ž. | |
| 700 | 1 | |a Rovenský, J. | |
| 700 | 1 | |a Koška, J. | |
| 700 | 1 | |a Imrich, R. | |
| 700 | 1 | |a Kšinantová, L. | |
| 700 | 1 | |a Sušienková, Katarína, 1967- | |
| 700 | 1 | |a Vigaš, M. | |
| 700 | 1 | |a Klimeš, I. | |
| 700 | 1 | |a Langer, P. | |